[Event "Montreal tt Inter entreprise"]
[Site "Montreal"]
[Date "2003.10.28"]
[Round "2"]
[White "Boyer, Pascal"]
[Black "Lambert, Jacques"]
[Result "0-1"]
[WhiteElo "1552"]
[BlackElo "1068"]
[PlyCount "76"]
[EventDate "2003.11.??"]
[EventType "team"]
[EventRounds "6"]
[EventCountry "CAN"]
[SourceTitle "EXT 2006"]
[Source "ChessBase"]
[SourceDate "2005.11.24"]
[SourceVersion "1"]
[SourceVersionDate "2005.11.24"]
[SourceQuality "1"]

1. e4 Nc6 2. Nf3 e5 3. Bc4 h6 4. Nc3 Nf6 5. d3 d6 6. h3 Be7 7. Be3 0-0 8. 0-0 Na5 9. Bb3 c6 10. Qd2 b6 11. d4 exd4 12. Nxd4 c5 13. Nf5 Bxf5 14. exf5 Qd7 15. Ba4 Qxf5 16. Bb5 c4 17. b4 a6 18. Bxb6 axb5 19. Bxa5 Bd8 20. Bxd8 Rfxd8 21. Rfe1 Rab8 22. Re3 d5 23. Rf3 Qe6 24. Re1 Ne4 25. Qf4 Qf6 26. Nxd5 Qxf4 27. Nxf4 Ng5 28. Rfe3 Ra8 29. a3 Rd2 30. Re8+ Rxe8 31. Rxe8+ Kh7 32. Re2 Rd1+ 33. Kh2 Ra1 34. h4 Ne6 35. Nxe6 fxe6 36. Re3 e5 37. Kg3 Kg6 38. Kf3 Kf5 0-1